00915nam a2200241Ia 4500003000400000005001700004008004100021020001800062040001800080041000800098082002300106100002900129245009000158250001200248260005100260300002800311650004200339650004300381700002900424942003200453999001900485952016900504OSt20220720100315.0210716s2006 xx 000 0 und d a9788131202920 cAIMIT LIBRARY aeng a005.4482 21bPLAP aPlaszczak, Pawel.951595 aGrid computing :bthe savvy managers guide /cby Pawel Plaszczak and Richard Wellner. a1st ed. aNew Delhi :bElsevier Academic Press ,c2006 . axx, 261p. ;bPBc23 cm. aGrid computing enters business951596 aTechnical and management issues951597 aWellner, Richard.951598 2ddccBKe1stk005.4482 PLAP c189056d189056 00102ddc40708MCAaAIMITbAIMITeAthulya Booksg295.00iBill no:ABK 505; Bill dt:2008-12l0o005.4482 PLAPpMCA08564r2025-07-21 00:00:00v230.10w2021-07-16yBK